• 首页
  • 本馆介绍
  • 公告通知
  • 最新文献
  • 馆藏检索
  • 电子资源
  • 读者荐购
  • 参考咨询
  • CALIS
  • 我的图书馆
  • 登录
  • 详细信息显示
  • 放入我的书架
  • 预约/预借图书
  • 作者相关作品
  • 分类相关作品
  • 丛书相关作品
  • 出版社相关作品

书目信息

  • 表格格式
  • 工作单格式
  • 卡片格式
题名:
认知语言学解析及其在英语教学中的应用
    
 
作者: 吕晓军 著
分册:  
出版信息: 北京   新华出版社  2024.07
页数: 215页
开本: 24cm
丛书名:
单 册:
中图分类: H319.3
科图分类:
主题词: 认知语言学--应用--英语--教学研究
电子资源:
ISBN: 978-7-5166-7436-9
 
 
 
 
 
000 01928nam0 2200265 450
001 01052356
005 20251022101011.53
010    @a978-7-5166-7436-9@dCNY88.00
100    @a20240925d2024 em y0chiy0120 ea
101 0  @achi
102    @aCN@b110000
105    @aa az 000yy
106    @ar
200 1  @a认知语言学解析及其在英语教学中的应用@9ren zhi yu yan xue jie xi ji qi zai ying yu jiao xue zhong de ying yong@f吕晓军著
210    @a北京@c新华出版社@d2024.07
215    @a215页@c图@d24cm
300    @a山东省社会科学规划研究项目 基于认知理论的汉英复合构词模式对比研究 批准号23CYYJ10 烟台市社会科学规划研究项目 基于认知理论的汉英复合构词分析 批准号YTSK-2023-046
314    @a吕晓军,山东烟台人,鲁东大学外国语学院讲师。2004年毕业于山东工商学院,获英语语言文学学士学位; 2007年毕业于湖南大学,获外国语言学及应用语言学硕士学位。主要研究方向为认知语言学、英语教学。
320    @a有书目 (第212-215页)
330    @a本书共包括八个章节的内容。第一章首先介绍了语言与认知的相关知识,包括语言的本质和特征、认知的概念与内涵、语言与认知的关系等,从而为后续章节内容的论述奠定了基础;第二章在上述内容的基础上引出了本书的主题——认知语言学的相关分析,包括认知语言学的定义、认知语言学的起源与发展、认知语言学的哲学基础等内容;由于本书研究的主要内容是认知语言学在英语教学中的应用,而英语教学与语言习得理论息息相关,因此本书第三章论述了认知语言学视角下的语言习得观点和机制,并介绍了二语习得中常用的认知语言学概念;第四章承上启下,阐述了英语教学的理论基础、教学原则、教学内容和教学模式;第五章到第七章为本书的主体部分,分别阐述了构式语法理论、图式理论和言语行为理论的概念内涵及其在英语教学中的具体应用;第八章作为补充,介绍了其他一些认知语言学因素对英语教学的影响和启示,包括情感因素、文化因素对英语课程教学的重要启示以及在这些启示下开展英语教学的方法策略等内容。
606 0  @a认知语言学@x应用@x英语@x教学研究
690    @aH319.3@v5
701  0 @a吕晓军@9lv xiao jun@4著
801  0 @aCN@c20250910
905    @a河南城建学院图书馆@dH319.3@eL899@ZL899@f1
    
    认知语言学解析及其在英语教学中的应用/吕晓军著.-北京:新华出版社,2024.07
    215页:图;24cm
    山东省社会科学规划研究项目 基于认知理论的汉英复合构词模式对比研究 批准号23CYYJ10 烟台市社会科学规划研究项目 基于认知理论的汉英复合构词分析 批准号YTSK-2023-046
    
    ISBN 978-7-5166-7436-9:CNY88.00
    本书共包括八个章节的内容。第一章首先介绍了语言与认知的相关知识,包括语言的本质和特征、认知的概念与内涵、语言与认知的关系等,从而为后续章节内容的论述奠定了基础;第二章在上述内容的基础上引出了本书的主题——认知语言学的相关分析,包括认知语言学的定义、认知语言学的起源与发展、认知语言学的哲学基础等内容;由于本书研究的主要内容是认知语言学在英语教学中的应用,而英语教学与语言习得理论息息相关,因此本书第三章论述了认知语言学视角下的语言习得观点和机制,并介绍了二语习得中常用的认知语言学概念;第四章承上启下,阐述了英语教学的理论基础、教学原则、教学内容和教学模式;第五章到第七章为本书的主体部分,分别阐述了构式语法理论、图式理论和言语行为理论的概念内涵及其在英语教学中的具体应用;第八章作为补充,介绍了其他一些认知语言学因素对英语教学的影响和启示,包括情感因素、文化因素对英语课程教学的重要启示以及在这些启示下开展英语教学的方法策略等内容。
●
相关链接 在E读中查询图书 在当当中查询图书 在豆瓣中查询图书


正题名:认知语言学解析及其在英语教学中的应用     索取号:H319.3/L899         预约/预借

序号 登录号 条形码 馆藏地/架位号 状态 备注
1 1634090   216340902   语言库209/209语言库 42排4列6层/ [索取号:H319.3/L899] 在馆    
河南城建学院图书馆 欢迎您!
大连网信软件有限公司© 版权所有